Lễ hội nông nghiệp Việt Nam Lế hội nông nghiệp Việt Nam. Lễ hội nông nghiệp của người Bahnar
Giới thiệu một số lễ hội nông nghiệp ở Việt Nam: lễ hội cầu nước, lễ hội cầu đất, lễ hội cầu lúa, lễ hội về tín ngưỡng phồn thực. Tìm hiểu về tộc người Bahnar ở Gia Lai và lễ hội nông nghiệp của người Bahnar
Gespeichert in:
| 1. Verfasser: | |
|---|---|
| Format: | Buch |
| Veröffentlicht: |
H.
Văn hoá dân tộc
2012
|
| Schlagworte: | |
| Tags: |
Tag hinzufügen
Keine Tags, Fügen Sie den ersten Tag hinzu!
|
| Thư viện lưu trữ: | Mạng thư viện Đại học Đà Nẵng |
|---|
| LEADER | 01669nam a22003858a 4500 | ||
|---|---|---|---|
| 001 | 000018075 | ||
| 003 | 14502 | ||
| 005 | 20130904080937.0 | ||
| 008 | 130904s2012 b 000 0 od | ||
| 020 | |d 500b | ||
| 080 | |a 39 | ||
| 082 | |a 394.26959762 |b LÊ-K | ||
| 084 | |a U119 |b L000ễ | ||
| 100 | 1 | |a Lê Văn Kỳ | |
| 245 | 1 | 0 | |a Lễ hội nông nghiệp Việt Nam |b Lế hội nông nghiệp Việt Nam. Lễ hội nông nghiệp của người Bahnar |c Lê Văn Kỳ |
| 260 | |a H. |b Văn hoá dân tộc |c 2012 | ||
| 300 | |a 558 tr. |c 19 cm. | ||
| 500 | |a ĐTTS ghi: Hội Văn nghệ dân gian Việt Nam | ||
| 504 | |a Phụ lục: tr. 495-548. - Thư mục: tr. 549-554 | ||
| 520 | |a Giới thiệu một số lễ hội nông nghiệp ở Việt Nam: lễ hội cầu nước, lễ hội cầu đất, lễ hội cầu lúa, lễ hội về tín ngưỡng phồn thực. Tìm hiểu về tộc người Bahnar ở Gia Lai và lễ hội nông nghiệp của người Bahnar | ||
| 650 | 0 | 4 | |a Văn hóa dân gian |x Lễ hội nông nghiệp |z Việt Nam |
| 653 | |a Nông nghiệp | ||
| 653 | |a Lễ hội | ||
| 653 | |a Tín ngưỡng dân gian | ||
| 653 | |a Văn hoá phi vật thể | ||
| OWN | |a LSP | ||
| AVA | |a UDN50 |b LSP |d 394.26959762 LÊ-K |e available |t Error 5001 Not defined in file expand_doc_bib_avail. |f 1 |g 0 |h N |i 0 |k 1 | ||
| 999 | |a From the UDN01 | ||
| AVA | |a UDN50 |b LSP |d 394.26959762 LÊ-K |e available |t Error 5001 Not defined in file expand_doc_bib_avail. |f 1 |g 0 |h N |i 0 |k 1 | ||
| TYP | |a Monograph | ||
| TYP | |a Printed language | ||
| 980 | |a Mạng thư viện Đại học Đà Nẵng | ||